000
00208nam a2200097Ia 4500
008
220204s9999 xx 000 0 und d
082
_a
82-3
_b
SEA
100
_a
Searls, Hank
245
0
_a
Overboard
942
_c
BK
999
_c
32293
_d
32293